000 00292nam a22001337a 4500
008 170228b xxu||||| |||| 00| 0 eng d
020 _a0915099098
041 _aeng
080 _a61
100 _a3
101 _aSHM
245 _aNATURAL HEALING ENCYCLOPEDIA
_cFAILES, J.M
942 _2udc
_cBK
999 _c6387
_d6387